| 000 | 00537nam a22002177a 4500 | ||
|---|---|---|---|
| 001 | 216219232 | ||
| 003 | UA-OsUOA | ||
| 005 | 20200915145547.0 | ||
| 008 | 200915b un ||||| |||| 00| 0 ukr d | ||
| 040 |
_aUA-OsUOA _bukr _cUA-OsUOA _dUA-OsUOA |
||
| 041 | _aukr | ||
| 080 | _a74 | ||
| 090 |
_a74 _bО-66 |
||
| 100 | _aОрлова Л. | ||
| 245 |
_aАзбука моды _cЛидия Орлова |
||
| 260 |
_aМосква _bПросвещение _c1989 |
||
| 300 | _a175 с. | ||
| 650 | _274 | ||
| 942 |
_2udc _cBK |
||
| 955 | _a4 | ||
| 999 |
_c463334 _d463334 |
||